I advance senior care

Detalles Bibliográficos
Título anterior:Long-term living
Autor Corporativo: Vendome Group
Formato: Electrónico Revista
Lenguaje:inglés
Publicado: New York, N.Y. : Vendome Group, LLC, 2017-
Materias:
Acceso en línea:Full text available from Research Library: 01/01/1991 to 12/31/2001
Full text available from Research Library: 01/01/2017 to present

MARC

LEADER 00000nas a22000007i 4500
001 ssj0001934812
003 WaSeSS
005 20200512172242.0
006 m d
007 cr n
008 170717c20179999nyuqx p s | a0eng
010 |a  2017202211 
022 |a 2573-8917  |y 2573-8909 
035 |a (WaSeSS)ssj0001934812 
037 |b Vendome Group, LLC, 216 East 45th Street, 6th Floor, New York, N.Y. 10017  |c $23.00 (single issue)  |c $125.00 (per yr.)  |c $195.00 (int., per yr.) 
040 |a DLC  |b eng  |c DLC  |d UOK  |d OCLCF  |d U3W  |d WaSeSS 
042 |a pcc  |a nsdp 
082 1 0 |a 362.16  |2 23 
210 0 |a I adv. sr. care  |b (Online) 
222 0 |a I advance senior care  |b (Online) 
245 0 0 |a I advance senior care  |h [electronic resource]. 
246 1 |a iAdvance senior care :  |b information, insight, innovation 
246 1 |a IASC 
260 |a New York, N.Y. :  |b Vendome Group, LLC,  |c 2017- 
310 |a Five issues per year 
362 1 |a Began with: Volume 66, number 1 (Winter 2017). 
506 |a License restrictions may limit access. 
588 |a Description based on: Volume 66, number 1 (Winter 2017); title from cover image (iadvanceseniorcare.com website, viewed July 17, 2017). 
588 |a Latest issue consulted: Volume 66, number 3 (Summer 2017) (viewed July 17, 2017). 
655 0 |a Electronic journals. 
710 2 |a Vendome Group. 
776 0 8 |i Print version:  |t I advance senior care  |x 2573-8909  |w (DLC) 2017202210  |w (OCoLC)993437032 
780 0 0 |t Long-term living  |x 2168-4561  |w (DLC) 2012203315  |w (OCoLC)277464437 
856 4 0 |z Full text available from Research Library: 01/01/1991 to 12/31/2001  |u https://search.proquest.com/publication/40281 
856 4 0 |z Full text available from Research Library: 01/01/2017 to present  |u https://search.proquest.com/publication/40281